| 000 | 00391nam a22001457a 4500 | ||
|---|---|---|---|
| 008 | 250709b |||||||| |||| 00| 0 eng d | ||
| 020 | _a9789785527728 | ||
| 050 |
_aHC3368 _b.D55 |
||
| 100 | _aDikko Haliru | ||
| 245 | _aTheory and Application of Islamic Finance | ||
| 260 |
_aN.P _bCIBN Press Ltd _c2017 |
||
| 300 | _axviii, 214p. | ||
| 650 |
_aIslamic Finance _vIslamic Banking |
||
| 942 | _cBK | ||
| 999 |
_c4200 _d4200 |
||